Chaste wives and prostitute sisters : (Record no. 7486)

MARC details
000 -LEADER
fixed length control field 01497 a2200265 4500
005 - DATE AND TIME OF LATEST TRANSACTION
control field 20110810171638.0
010 ## - LCCN (DPL NO)
LC control number ENG-87966 B-423763--765
020 ## - INTERNATIONAL STANDARD BOOK NUMBER
International Standard Book Number 0415430771
Terms of availability 650.00
035 ## - SYSTEM CONTROL NUMBER
System control number EN-71499
035 ## - SYSTEM CONTROL NUMBER
System control number B-423763--765
037 ## - SOURCE OF ACQUISITION
Source of stock number/acquisition DBAD / PUB
037 ## - SOURCE OF ACQUISITION
Source of stock number/acquisition Allied Publishers
082 14 - DEWEY DECIMAL CLASSIFICATION NUMBER
Classification number 306.74
100 1# - MAIN ENTRY--PERSONAL NAME
Personal name Agrawal, Anuja
245 1# - TITLE STATEMENT
Title Chaste wives and prostitute sisters :
Remainder of title patriarchy and prostitution among the bedias of India /
Statement of responsibility, etc by Anuja Agrawal
260 ## - PUBLICATION, DISTRIBUTION, ETC. (IMPRINT)
Place of publication, distribution, etc New Delhi
Name of publisher, distributor, etc Routledge
Date of publication, distribution, etc 2008
270 ## - ADDRESS
Address 912, Tolstoy House, 15-17 Tolstoy Marg
City New Delhi
Postal code 110 001
300 ## - PHYSICAL DESCRIPTION
Extent xii, 251 p.
Dimensions 22 cm ( Hb.)
942 ## - ADDED ENTRY ELEMENTS (KOHA)
Institution code [OBSOLETE] dpl
Item type English Books
Source of classification or shelving scheme Dewey Decimal Classification
Classification part 306.74
Call number suffix AGR
Holdings
Withdrawn status Lost status Not for loan Collection code Home library Current library Source of acquisition Cost, normal purchase price Full call number Barcode Copy number Cost, replacement price Koha item type Date acquired
      Non-fiction Central Library Central Library Allied Publishers/CR/0002704/17.3.11/75/4.3.11/17.3.11 650.00 306.74 AGR B-423763 1 650.00 English Books 10/08/2011
    Not For Loan Non-fiction D.B.Act.Division D.B.Act.Division DBAD/PUB 650.00 306.74 AGR EN-71499 1 650.00 English Books  
      Non-fiction Patel Nagar Patel Nagar Allied Publishers/CR/0002704/17.3.11/75/4.3.11/17.3.11 650.00 306.74 AGR B-423764 1 650.00 English Books 10/08/2011
      Non-fiction Sarojini Nagar Sarojini Nagar Allied Publishers/CR/0002704/17.3.11/75/4.3.11/17.3.11 650.00 306.74 AGR B-423765 1 650.00 English Books 10/08/2011

© Delhi Public Library
Hit Counter
free hit counter